[Event "DVM U14w 2012"]
[Site "Magdeburg GER"]
[Date "2012.12.28"]
[Round "3"]
[White "Giede, Anna-Blume"]
[Black "Damrich, Alina"]
[Result "0-1"]
[Termination "normal"]
[Board "5.4"]
[WhiteElo "1445"]
[BlackElo "949"]
[WhiteTeam "TuRa Harksheide"]
[BlackTeam "SK 1929 Mainaschaff"]
[WhiteFideId "12921980"]
[BlackFideId "12964603"]
[EventCountry "GER"]
[EventRounds "7"]
[EventType "team-swiss"]
[EventDate "2012.12.26"]

1. c4 e5 2. e4 Nf6 3. Nc3 c6 4. g3 d5 5. cxd5 cxd5 6. Bg2 d4 7. Nce2 Bg4 8. Qb3
Qc7 9. h3 Be6 10. Qd1 Bc5 11. d3 Qa5+ 12. Bd2 Bb4 13. a3 Bxd2+ 14. Qxd2 Qxd2+
15. Kxd2 O-O 16. Nf3 Nbd7 17. Rac1 Rac8 18. b4 b6 19. g4 Rb8 20. Ng3 a5 21. Nh4
g6 22. Nf3 axb4 23. axb4 Ra8 24. Ra1 Rfc8 25. Rhc1 Rxa1 26. Rxa1 Bb3 27. Ne1 b5
28. Ra3 Ba4 29. Ra1 Rc3 30. Rb1 Ra3 31. Rb2 Bb3 32. Ne2 Ba4 33. Nc2 Rb3 34.
Rxb3 Bxb3 35. Na3 Ba4 36. Nc1 h5 37. g5 Nh7 38. h4 f6 39. gxf6 Nhxf6 40. f3 Nh7
41. Bh3 Ndf6 42. Ne2 g5 43. hxg5 Nxg5 44. Bg2 h4 45. Ng1 Nh5 46. Bh3 Nf4 47.
Bg4 h3 48. Nxh3 Nfxh3 49. Ke2 Nf4+ 50. Kd2 Nfe6 51. Ke2 Nc7 52. Bc8 Nf7 0-1

[Event "DVM U14w 2012"]
[Site "Magdeburg GER"]
[Date "2012.12.28"]
[Round "3"]
[White "Sherif, Amina"]
[Black "Schumann, Rabea"]
[Result "1-0"]
[Termination "normal"]
[Board "6.1"]
[WhiteElo "1565"]
[BlackElo "1383"]
[WhiteTeam "SG Solingen"]
[BlackTeam "SG Güstrow/Teterow"]
[WhiteFideId "12911690"]
[BlackFideId "12918199"]
[EventCountry "GER"]
[EventRounds "7"]
[EventType "team-swiss"]
[EventDate "2012.12.26"]

1. Nf3 c5 2. g3 Nc6 3. Bg2 g6 4. O-O Bg7 5. c4 Nf6 6. d3 O-O 7. Nc3 d6 8. a3
Bd7 9. Rb1 Rb8 10. b4 b6 11. Bd2 e6 12. Qc2 Qe7 13. Rfc1 d5 14. cxd5 cxb4 15.
dxc6 bxc3 16. Qxc3 Rbc8 17. Qb4 Qxb4 18. Bxb4 Rxc6 19. Bxf8 Bxf8 20. Rxc6 Bxc6
21. Rc1 Bb5 22. Rc7 a6 23. Rb7 Bc5 24. h3 Nd5 25. Ng5 Be7 26. Bxd5 Bxg5 27. Bc4
Kf8 28. Bxb5 axb5 29. Rxb6 Be7 30. Rb8+ Kg7 31. Ra8 f6 32. Kf1 Kf7 33. Ke1 e5
34. Kd2 Ke6 35. Kc3 Kd5 36. Kb3 Kc6 37. Rc8+ Kd7 38. Rh8 h5 39. Rh6 Bc5 40. e3
g5 41. Rxf6 h4 42. g4 Be7 43. Rf7 Ke6 44. Rxe7+ Kxe7 45. Kb4 Kd6 46. Kxb5 Kc7
47. Kc5 1-0

[Event "DVM U14w 2012"]
[Site "Magdeburg GER"]
[Date "2012.12.28"]
[Round "3"]
[White "Zoll, Cindy"]
[Black "Reksten, Anne"]
[Result "0-1"]
[Termination "normal"]
[Board "6.2"]
[WhiteElo "1058"]
[BlackElo "1660"]
[WhiteTeam "SG Güstrow/Teterow"]
[BlackTeam "SG Solingen"]
[WhiteFideId "12964638"]
[BlackFideId "24692778"]
[EventCountry "GER"]
[EventRounds "7"]
[EventType "team-swiss"]
[EventDate "2012.12.26"]

1. e4 c6 2. d4 d5 3. exd5 cxd5 4. Bd3 Nc6 5. c3 Nf6 6. h3 e6 7. Nf3 Bd6 8. Qe2
h6 9. O-O Qc7 10. Re1 Nd7 11. Nbd2 O-O 12. Nf1 a6 13. Ne3 Bf4 14. Bd2 Na5 15.
b3 b5 16. Rac1 Bxe3 17. Qxe3 Bb7 18. Qe2 Rac8 19. Nh2 Nf6 20. Nf1 Rfe8 21. Qe5
Nc6 22. Qxc7 Rxc7 23. Bf4 Rcc8 24. Nd2 b4 25. Nf3 bxc3 26. Rxc3 Nxd4 27. Rxc8
Nxf3+ 28. gxf3 Rxc8 29. Be5 Nh5 30. Bd4 Nf4 31. Bf1 Rc2 32. Be3 g5 33. a4 Rb2
34. Bxf4 gxf4 35. Kg2 Rxb3 36. Rc1 Rb4 37. Rc7 Kg7 38. Bd3 d4 39. Bc4 Kf6 40.
Be2 Bd5 41. Bxa6 Rxa4 42. Bb5 Ra3 43. Be2 d3 0-1

[Event "DVM U14w 2012"]
[Site "Magdeburg GER"]
[Date "2012.12.28"]
[Round "3"]
[White "Kublanov, Carolin"]
[Black "Jörs, Pia-Milena"]
[Result "1/2-1/2"]
[Termination "normal"]
[Board "6.3"]
[WhiteElo "1107"]
[BlackElo "1132"]
[WhiteTeam "SG Solingen"]
[BlackTeam "SG Güstrow/Teterow"]
[WhiteFideId "12944548"]
[BlackFideId "12964646"]
[EventCountry "GER"]
[EventRounds "7"]
[EventType "team-swiss"]
[EventDate "2012.12.26"]

1. e4 e5 2. Nf3 Nc6 3. Nc3 Nf6 4. Bc4 Nxe4 5. Bxf7+ Kxf7 6. Nxe4 Be7 7. O-O d5
8. Nc3 Bf6 9. Ne2 Re8 10. d4 e4 11. Nd2 Nxd4 12. Nxd4 Bxd4 13. Nb3 Be5 14. Qh5+
Kg8 15. Bg5 Qd7 16. Nc5 Qf7 17. Qxf7+ Kxf7 18. Rfd1 c6 19. Rab1 Kg8 20. Re1 Bd4
21. Nb3 Bb6 22. Be3 Bc7 23. Nc5 b6 24. Nb3 Ba6 25. Rbd1 Bc4 26. h3 Be5 27. c3
Rab8 28. Nc1 a5 29. b3 Bxc3 30. bxc4 Bxe1 31. Rxe1 dxc4 32. Bf4 Rbd8 33. Bc7
Rd2 34. Bxb6 Re5 35. f4 exf3 36. Rxe5 Rd1+ 37. Kf2 Rxc1 38. Kxf3 a4 39. Ra5 c3
40. Rxa4 c2 41. Rc4 Rf1+ 42. Ke2 c1=Q 43. Rxc1 Rxc1 44. a4 Rb1 45. Bc7 Ra1 46.
a5 c5 47. Kd3 c4+ 48. Kxc4 Rc1+ 49. Kb5 Rxc7 50. Kb6 Rf7 51. a6 Rf6+ 52. Kb7
Rxa6 53. Kxa6 g5 54. Kb5 Kg7 55. Kc4 h5 56. Kd3 Kf6 57. g3 Kf5 58. Ke3 g4 59.
hxg4+ Kxg4 60. Kf2 Kg5 61. Kg2 Kf5 62. Kh3 Kg5 63. Kg2 Kg4 64. Kh2 h4 65. gxh4
Kxh4 1/2-1/2

[Event "DVM U14w 2012"]
[Site "Magdeburg GER"]
[Date "2012.12.28"]
[Round "3"]
[White "Eulitz, Charlotte"]
[Black "Möller, Laura"]
[Result "0-1"]
[Termination "normal"]
[Board "6.4"]
[WhiteElo "958"]
[BlackElo "1017"]
[WhiteTeam "SG Güstrow/Teterow"]
[BlackTeam "SG Solingen"]
[WhiteFideId "12964654"]
[BlackFideId "12911720"]
[EventCountry "GER"]
[EventRounds "7"]
[EventType "team-swiss"]
[EventDate "2012.12.26"]

1. e4 c5 2. Nf3 g6 3. d4 b6 4. dxc5 bxc5 5. Be3 d6 6. Bc4 h6 7. Nbd2 Bg7 8. c3
Bb7 9. Qa4+ Bc6 10. Bb5 Qd7 11. Bxc6 Nxc6 12. O-O e6 13. Rad1 d5 14. Bxc5 Rc8
15. Rfe1 Nge7 16. Nb3 Bf6 17. Nfd4 O-O 18. Nxc6 Rxc6 19. Qxa7 Rc7 20. Qa5 Rb8
21. Bxe7 Bxe7 22. exd5 Ra7 23. dxe6 Qb7 24. exf7+ Kxf7 25. Qd5+ Qxd5 26. Rxd5
Rbb7 27. Ra1 Rxb3 28. Rd2 Rb5 29. a3 Bf8 30. h3 Re5 31. b4 Rae7 32. a4 Re1+ 33.
Rxe1 Rxe1+ 34. Kh2 Re5 35. b5 Rc5 36. Rd7+ Ke6 37. Rd3 Bd6+ 38. g3 Re5 39. b6
Re2 40. b7 Rxf2+ 41. Kh1 Rb2 42. a5 Rxb7 43. Rd2 Rb1+ 44. Kg2 Ra1 45. Rc2 Rxa5
46. Kf3 Kd5 47. Rd2+ Kc6 48. Re2 Ra3 49. Rc2 Bb4 50. Kf4 Bxc3 51. g4 g5+ 52.
Kf5 Kd5 53. Kg6 Ra6+ 54. Kh5 Be5 55. Rd2+ Ke4 56. Re2+ Kf4 57. h4 Bg7 58. Rf2+
Kg3 59. Rf7 gxh4 60. Rxg7 h3 61. Re7 Ra1 62. Re3+ Kg2 63. Re2+ Kg1 64. Kh4 h2
65. Rxh2 Kxh2 66. Kh5 Ra6 67. Kh4 Ra5 68. g5 hxg5+ 69. Kg4 Kg2 70. Kh5 Kh3 71.
Kg6 g4 72. Kf6 g3 73. Ke6 g2 74. Kd6 g1=Q 75. Ke6 Qg6+ 76. Kd7 Ra7+ 77. Kd8
Qg8# 0-1

[Event "DVM U14w 2012"]
[Site "Magdeburg GER"]
[Date "2012.12.28"]
[Round "3"]
[White "Nguyen, Ha Thanh"]
[Black "Neumann, Isabel"]
[Result "0-1"]
[Termination "normal"]
[Board "7.1"]
[WhiteElo "1299"]
[BlackElo "1422"]
[WhiteTeam "SV Empor Erfurt"]
[BlackTeam "SV 1919 Grimma"]
[WhiteFideId "12942154"]
[BlackFideId "12964468"]
[EventCountry "GER"]
[EventRounds "7"]
[EventType "team-swiss"]
[EventDate "2012.12.26"]

1. e4 e5 2. Nf3 Nc6 3. Bc4 Be7 4. c3 d6 5. d3 Nf6 6. Nbd2 O-O 7. O-O a6 8. Bb3
Ne8 9. h3 Na5 10. Bc2 f5 11. Re1 Nc6 12. Bb3+ Kh8 13. Nf1 fxe4 14. dxe4 Bd7 15.
Ng3 Qc8 16. Bg5 Be6 17. Bxe6 Qxe6 18. Bxe7 Nxe7 19. Ng5 Qf6 20. Nf3 c6 21. Nh5
Qg6 22. Ng3 Qe6 23. Ng5 Qf6 24. Nf3 Ng6 25. Rf1 Nc7 26. Qd2 Nf4 27. Rad1 d5 28.
Qe3 Nxh3+ 29. gxh3 Qxf3 30. Qxf3 Rxf3 31. exd5 cxd5 32. Rfe1 Re8 33. Kg2 Ref8
34. Rxe5 Rxf2+ 35. Kg1 Rxb2 36. Re7 Nb5 37. Rxb7 Nxc3 38. Rxb2 Nxd1 39. Rd2 Nc3
40. a3 g6 41. Rd3 Rc8 42. Kf2 Kg7 43. Ke3 Re8+ 44. Kd2 Ne4+ 45. Nxe4 dxe4 46.
Rd7+ Kf6 47. Ke3 h6 48. Rd6+ Re6 49. Rd5 h5 50. h4 Rc6 51. Kxe4 Rc4+ 52. Rd4
Rxd4+ 53. Kxd4 Kf5 54. Kc5 Kg4 55. Kb6 Kxh4 56. Kxa6 Kg3 57. a4 h4 58. a5 h3
59. Kb6 h2 60. a6 h1=Q 61. a7 Qb1+ 62. Ka6 Qa2+ 63. Kb6 Qb3+ 64. Ka6 Qa4+ 65.
Kb6 Qb4+ 66. Ka6 Qd6+ 67. Kb7 Qd7+ 68. Kb8 Qxa7+ 69. Kxa7 Kf3 70. Kb6 g5 71.
Kc5 g4 72. Kd4 g3 73. Ke5 g2 74. Kf5 g1=Q 75. Ke5 Qd1 76. Ke6 Kf4 77. Ke7 Kf5
78. Kf7 Qd7+ 79. Kf8 Kg6 80. Kg8 Qg7# 0-1

[Event "DVM U14w 2012"]
[Site "Magdeburg GER"]
[Date "2012.12.28"]
[Round "3"]
[White "Arnhold, Steffi"]
[Black "Allin, Katharina"]
[Result "1-0"]
[Termination "normal"]
[Board "7.2"]
[WhiteElo "1392"]
[BlackElo "1286"]
[WhiteTeam "SV 1919 Grimma"]
[BlackTeam "SV Empor Erfurt"]
[WhiteFideId "12931365"]
[BlackFideId "12903779"]
[EventCountry "GER"]
[EventRounds "7"]
[EventType "team-swiss"]
[EventDate "2012.12.26"]

1. e4 e5 2. Nf3 Nc6 3. Bc4 Bc5 4. c3 Nf6 5. d3 d6 6. Bb3 a6 7. Qe2 Be6 8. Bc2
Ba7 9. Nbd2 Ne7 10. Nf1 Ng6 11. Ng3 Qd7 12. Be3 Bb6 13. Qd1 Bxe3 14. fxe3 Ng4
15. Qe2 Qb5 16. Ng5 Nf6 17. Nxe6 fxe6 18. O-O O-O 19. Bb3 Rae8 20. Rae1 Qb6 21.
d4 d5 22. exd5 exd5 23. Qd2 e4 24. Rc1 c6 25. c4 Kh8 26. cxd5 cxd5 27. Qc3 Ng4
28. Rxf8+ Rxf8 29. Bxd5 Qf6 30. Qe1 h6 31. Bxe4 Kh7 32. Bf3 Qe6 33. Bxg4 Qxg4
34. h3 1-0

[Event "DVM U14w 2012"]
[Site "Magdeburg GER"]
[Date "2012.12.28"]
[Round "3"]
[White "Rieger, Lotta"]
[Black "Könze, Heike"]
[Result "0-1"]
[Termination "normal"]
[Board "7.3"]
[WhiteElo "1062"]
[BlackElo "1225"]
[WhiteTeam "SV Empor Erfurt"]
[BlackTeam "SV 1919 Grimma"]
[WhiteFideId "12964620"]
[BlackFideId "12964476"]
[EventCountry "GER"]
[EventRounds "7"]
[EventType "team-swiss"]
[EventDate "2012.12.26"]

1. e4 e6 2. d4 d5 3. exd5 exd5 4. Nf3 Nf6 5. Bd3 Be7 6. O-O O-O 7. h3 c5 8. c4
Nc6 9. Be3 Qb6 10. Qb3 Qxb3 11. axb3 b6 12. Nc3 Be6 13. cxd5 Bxd5 14. Nxd5 Nxd5
15. Be4 Rfd8 16. Rfd1 Ncb4 17. Rac1 Nxe3 18. fxe3 Rac8 19. Rd2 cxd4 20. Rxc8
Rxc8 21. Rxd4 a5 22. Rd7 Bc5 23. Kf2 Re8 24. Nd2 f5 25. Bxf5 Rf8 26. g4 g6 27.
Ne4 gxf5 28. Ng5 fxg4+ 29. Kg3 gxh3 30. Rxh7 Bxe3 31. Nxh3 Kxh7 32. Kg4 Nc6 33.
Ng5+ Bxg5 34. Kxg5 Nd4 35. b4 a4 36. Kg4 Nc6 37. b5 Ne5+ 38. Kg5 Nd3 39. Kg4
Nxb2 40. Kh4 Rg8 41. Kh3 a3 42. Kh4 a2 43. Kh5 a1=Q 44. Kh4 Qh1# 0-1

[Event "DVM U14w 2012"]
[Site "Magdeburg GER"]
[Date "2012.12.28"]
[Round "3"]
[White "Hagenbeck-Hübert, Lara"]
[Black "Schulz, Theresa Charlotte"]
[Result "1-0"]
[Termination "normal"]
[Board "7.4"]
[WhiteElo "1261"]
[BlackElo "964"]
[WhiteTeam "SV 1919 Grimma"]
[BlackTeam "SV Empor Erfurt"]
[WhiteFideId "12964484"]
[BlackFideId "12952206"]
[EventCountry "GER"]
[EventRounds "7"]
[EventType "team-swiss"]
[EventDate "2012.12.26"]

1. e4 e5 2. Nf3 Nc6 3. Bc4 Bc5 4. Nc3 Nf6 5. d3 d6 6. Bg5 h6 7. Be3 Bb6 8. h3
Bd7 9. Qd2 O-O 10. O-O-O Bxe3 11. Qxe3 a6 12. g4 b5 13. Bb3 Na5 14. Rdg1 Nxb3+
15. axb3 a5 16. g5 hxg5 17. Qxg5 Ne8 18. Qh6 Qf6 19. Qxf6 Nxf6 20. h4 Ng4 21.
Rg2 a4 22. b4 a3 23. Kb1 Be6 24. Nxb5 a2+ 25. Ka1 Rfc8 26. h5 Nh6 27. Rhg1 Rab8
28. Rxg7+ Kf8 29. Na7 Re8 30. Nc6 Rb6 31. b5 Rxb5 32. Rh7 Ng8 33. h6 f6 34.
Rgg7 Rc5 35. d4 Rxc6 36. d5 Rxc2 37. dxe6 Rxe6 38. Rh8 Rc1+ 39. Kxa2 Rg1 40.
Rhxg8# 1-0

[Event "DVM U14w 2012"]
[Site "Magdeburg GER"]
[Date "2012.12.28"]
[Round "3"]
[White "Denkert, Anna"]
[Black "Winterberg, Johanna"]
[Result "1-0"]
[Termination "normal"]
[Board "8.1"]
[WhiteElo "1655"]
[BlackElo "1327"]
[WhiteTeam "SV Empor Berlin"]
[BlackTeam "SV Breitenworbis"]
[WhiteFideId "12938122"]
[BlackFideId "12929344"]
[EventCountry "GER"]
[EventRounds "7"]
[EventType "team-swiss"]
[EventDate "2012.12.26"]

1. e4 e5 2. Nf3 Nc6 3. Bc4 Bc5 4. d3 a6 5. O-O Nf6 6. Bg5 O-O 7. c3 d6 8. Nbd2
h6 9. Be3 Bxe3 10. fxe3 Na5 11. Bb3 Nxb3 12. Qxb3 Qe7 13. Rf2 c6 14. Qc2 Be6
15. d4 Nd7 16. Nf1 f6 17. Ng3 g6 18. d5 Bf7 19. c4 c5 20. Raf1 b5 21. b3 b4 22.
h3 a5 23. Nh2 h5 24. Rf3 Be8 25. Qf2 Kg7 26. Ne2 g5 27. Ng3 Bg6 28. Nf5+ Bxf5
29. Rxf5 Kg6 30. Qg3 Rg8 31. R5f2 Raf8 32. Nf3 Kh6 33. Nh2 Kh7 34. Re1 Kh6 35.
Nf1 Qe8 36. Qh2 Qg6 37. Ng3 g4 38. h4 Kh7 39. Rf5 Kg7 40. Nxh5+ Kf7 41. Ng3 Rh8
42. h5 Qg7 43. Kf2 Rh6 44. Rh1 Rfh8 45. Ke2 Nb6 46. Qh4 Nc8 47. Rff1 Ne7 48.
Ra1 Qh7 49. a3 f5 50. exf5 Nxf5 51. Nxf5 Qxf5 52. Rhf1 1-0

[Event "DVM U14w 2012"]
[Site "Magdeburg GER"]
[Date "2012.12.28"]
[Round "3"]
[White "Richardt, Angelina"]
[Black "Du, Katharina"]
[Result "0-1"]
[Termination "normal"]
[Board "8.2"]
[WhiteElo "1244"]
[BlackElo "1544"]
[WhiteTeam "SV Breitenworbis"]
[BlackTeam "SV Empor Berlin"]
[WhiteFideId "12938149"]
[BlackFideId "12945757"]
[EventCountry "GER"]
[EventRounds "7"]
[EventType "team-swiss"]
[EventDate "2012.12.26"]

1. d4 d5 2. c4 e6 3. Nc3 Nf6 4. Bf4 a6 5. cxd5 Nxd5 6. Nxd5 exd5 7. a3 Bf5 8.
e3 Bd6 9. Bxd6 Qxd6 10. Nf3 O-O 11. h3 Nd7 12. Bd3 Bxd3 13. Qxd3 h6 14. O-O
Rfe8 15. Qb3 Rab8 16. Rfc1 b6 17. Qd3 Ra8 18. Rc2 a5 19. Qb5 c5 20. dxc5 bxc5
21. Qd3 Rab8 22. Rd1 Nf6 23. Qc3 a4 24. Qxc5 Qxc5 25. Rxc5 Rxb2 26. Nd2 Ra2 27.
Rc3 Rb8 28. Rb1 Rxb1+ 29. Nxb1 Ra1 30. Rc8+ Kh7 31. Rb8 Ne4 32. Kh2 Nxf2 33.
Rb4 Nd1 34. Kg3 Nxe3 35. Nc3 Rxa3 36. Nb5 Rb3 37. Rxb3 axb3 38. Nc3 d4 39. Nb1
Kg6 40. Kf3 Nd1 41. Nd2 b2 42. Ke4 Nc3+ 43. Kxd4 b1=Q 44. Nxb1 Nxb1 45. Ke4
Nc3+ 46. Kf4 Kf6 47. Kg4 Nd5 48. Kg3 Ne3 49. Kf3 Nxg2 50. Kxg2 Kf5 51. Kg3 Kg5
52. Kf3 Kh4 53. Kf4 Kxh3 54. Kf5 g5 55. Kf6 g4 56. Kxf7 g3 57. Kg6 g2 58. Kxh6
g1=Q 59. Kh7 Qb6 60. Kh8 Kg4 61. Kh7 Kh5 62. Kh8 Kg6 0-1

[Event "DVM U14w 2012"]
[Site "Magdeburg GER"]
[Date "2012.12.28"]
[Round "3"]
[White "Berdin, Victoria"]
[Black "Hendus, Isabelle"]
[Result "1-0"]
[Termination "normal"]
[Board "8.3"]
[WhiteElo "1382"]
[BlackElo "1290"]
[WhiteTeam "SV Empor Berlin"]
[BlackTeam "SV Breitenworbis"]
[BlackFideId "12964530"]
[EventCountry "GER"]
[EventRounds "7"]
[EventType "team-swiss"]
[EventDate "2012.12.26"]

1. e4 e5 2. Nf3 d6 3. Bc4 Be7 4. d3 Nf6 5. Nc3 O-O 6. Be3 c6 7. Ne2 b5 8. Bb3
Ng4 9. Qd2 Nxe3 10. Qxe3 Nd7 11. Ng3 Nf6 12. O-O Bd7 13. c3 a5 14. h3 a4 15.
Bc2 h6 16. b3 Qa5 17. b4 Qc7 18. Nh4 Nh5 19. Nhf5 Bg5 20. Qf3 Nxg3 21. fxg3 Bf6
22. a3 Be6 23. g4 Rad8 24. Nxh6+ Kh7 25. Nf5 c5 26. g5 Be7 27. Qh5+ Kg8 28. g6
fxg6 29. Qxg6 Bxf5 30. exf5 Rf6 31. Qg4 cxb4 32. Qxb4 Qc5+ 33. Qxc5 dxc5 34.
Rab1 c4 35. Rxb5 cxd3 36. Bxa4 e4 37. Re5 Rc8 38. Rxe7 Rxc3 39. Rxe4 Rxa3 40.
Rd4 Ra6 41. Bb5 Rb6 42. Bxd3 Kf7 43. Bc4+ Kf6 44. Rg4 Rb2 45. Rg6+ Ke7 46.
Rxg7+ Kf6 47. Rg6+ Ke7 48. Be6 Rd3 49. Rf3 Rd8 50. h4 Rbb8 51. h5 Rh8 52. h6
Rbf8 53. Rh3 Rf6 54. Rxf6 Kxf6 55. Rh5 Rh7 56. g4 1-0

[Event "DVM U14w 2012"]
[Site "Magdeburg GER"]
[Date "2012.12.28"]
[Round "3"]
[White "Diederich, Lena"]
[Black "Alcer, Johanna"]
[Result "1/2-1/2"]
[Termination "normal"]
[Board "8.4"]
[WhiteElo "1219"]
[BlackElo "923"]
[WhiteTeam "SV Breitenworbis"]
[BlackTeam "SV Empor Berlin"]
[WhiteFideId "12964549"]
[BlackFideId "12964450"]
[EventCountry "GER"]
[EventRounds "7"]
[EventType "team-swiss"]
[EventDate "2012.12.26"]

1. e4 e5 2. Nf3 Nc6 3. Bc4 Bc5 4. c3 Nf6 5. d3 h6 6. b4 Be7 7. O-O O-O 8. h3 d5
9. exd5 Nxd5 10. Re1 Bf6 11. d4 Nb6 12. dxe5 Qxd1 13. Rxd1 Nxe5 14. Nxe5 Bxe5
15. Be2 Be6 16. Re1 Rad8 17. Bf3 Bf6 18. Bxb7 Na4 19. Bd2 Rb8 20. Bc6 Nb6 21.
Bf4 Rbc8 22. Be5 Bxe5 23. Rxe5 Nc4 24. Re4 Rcd8 25. Rd4 Rxd4 26. cxd4 Rd8 27.
d5 Bxd5 28. Bxd5 Rxd5 29. Nc3 Rd2 30. Nb5 Rb2 31. a3 Rb3 32. Kf1 a6 33. Nxc7
1/2-1/2

[Event "DVM U14w 2012"]
[Site "Magdeburg GER"]
[Date "2012.12.28"]
[Round "3"]
[White "Semenova, Alisa"]
[Black "Mao, Yvonne"]
[Result "1-0"]
[Termination "normal"]
[Board "9.1"]
[WhiteElo "1579"]
[BlackElo "1180"]
[WhiteTeam "SK Neumarkt"]
[BlackTeam "SK 1980 Gernsheim"]
[WhiteFideId "1272132"]
[BlackFideId "12942561"]
[EventCountry "GER"]
[EventRounds "7"]
[EventType "team-swiss"]
[EventDate "2012.12.26"]

1. e4 e5 2. Nf3 Nc6 3. Bc4 Nf6 4. d3 Na5 5. Nxe5 d6 6. Nxf7 Qe7 7. Nxh8 Nxc4 8.
dxc4 Bg4 9. Qd3 O-O-O 10. Nc3 c6 11. O-O Qe8 12. Be3 Qh5 13. Bxa7 d5 14. cxd5
Bd6 15. f4 Bc7 16. h3 Bd7 17. Qf3 Qe8 18. e5 Nxd5 19. Nxd5 cxd5 20. Rad1 Bc6
21. Qg4+ Bd7 22. Qxg7 Qxh8 23. Qxh8 Rxh8 24. Bd4 Rg8 25. Rf3 Bb5 26. Re1 Kd7
27. e6+ Ke7 28. f5 Be5 29. f6+ Kd8 30. Bb6+ Kc8 31. f7 Rh8 32. e7 Be8 33. f8=Q
1-0

[Event "DVM U14w 2012"]
[Site "Magdeburg GER"]
[Date "2012.12.28"]
[Round "3"]
[White "Le, Kim Anh"]
[Black "Schilay, Eva"]
[Result "0-1"]
[Termination "normal"]
[Board "9.2"]
[WhiteElo "982"]
[BlackElo "1124"]
[WhiteTeam "SK 1980 Gernsheim"]
[BlackTeam "SK Neumarkt"]
[WhiteFideId "12947342"]
[BlackFideId "12930164"]
[EventCountry "GER"]
[EventRounds "7"]
[EventType "team-swiss"]
[EventDate "2012.12.26"]

1. e4 d5 2. e5 Bf5 3. d4 e6 4. Nf3 Nd7 5. Nc3 Ne7 6. Bd2 Ng6 7. h3 c5 8. Bb5 a6
9. Bxd7+ Qxd7 10. Be3 Rc8 11. g4 Be4 12. Nxe4 dxe4 13. Ng5 Qc6 14. f3 exf3 15.
Nxf3 Be7 16. Rf1 Rd8 17. Qe2 Rd5 18. c3 b5 19. Rc1 Kd7 20. Kf2 Rd8 21. Rfd1 Ke8
22. Rd3 Nh4 23. Kg3 Ng6 24. g5 R5d7 25. Bf2 Qd5 26. b3 c4 27. bxc4 Qxc4 28. Rc2
Rc8 29. Qd2 Bd8 30. h4 Ba5 31. h5 Ne7 32. Kf4 Nd5+ 33. Ke4 Qc6 34. Ng1 Nb4+ 35.
Ke3 Nxc2+ 36. Qxc2 b4 37. Ne2 bxc3 38. Be1 Rdc7 39. h6 g6 40. a3 Qg2 41. Qa4+
Qc6 42. Qxa5 c2 43. Nc1 Qh1 44. Qa4+ Kd8 45. Kd2 Qg2+ 46. Ke3 Qxg5+ 47. Ke2
Qxc1 48. d5 Qxe1+ 49. Kf3 Qf1+ 50. Ke3 Qxd3+ 0-1

[Event "DVM U14w 2012"]
[Site "Magdeburg GER"]
[Date "2012.12.28"]
[Round "3"]
[White "Schilay, Maria"]
[Black "Nguyen, Julia"]
[Result "0-1"]
[Termination "normal"]
[Board "9.3"]
[WhiteElo "1115"]
[BlackElo "1012"]
[WhiteTeam "SK Neumarkt"]
[BlackTeam "SK 1980 Gernsheim"]
[WhiteFideId "12942979"]
[BlackFideId "12964689"]
[EventCountry "GER"]
[EventRounds "7"]
[EventType "team-swiss"]
[EventDate "2012.12.26"]

1. e4 e5 2. Nf3 Nc6 3. Nc3 Nf6 4. d4 exd4 5. Nxd4 Nxd4 6. Qxd4 Be7 7. Be2 O-O
8. e5 Ne8 9. O-O d6 10. Rd1 Bf5 11. Bd3 Be6 12. Be4 c6 13. Bf4 dxe5 14. Qxe5
Qc8 15. Qd4 Nf6 16. Rd3 Rd8 17. Bd6 Bxd6 18. Rad1 Bxh2+ 19. Kxh2 Rxd4 20. Rxd4
Qc7+ 21. Kg1 g6 22. Bf3 c5 23. R4d2 Bg4 24. Rd6 Bxf3 25. gxf3 Qe7 26. Kf1 Re8
27. R6d2 Qc7 28. b3 Qh2 29. Ne2 Nh5 30. Ng3 Nxg3+ 31. fxg3 Qh3+ 32. Kf2 Re5 33.
Rd8+ Kg7 34. R8d7 Qh2+ 35. Kf1 Re2 36. R1d2 Qf2# 0-1

[Event "DVM U14w 2012"]
[Site "Magdeburg GER"]
[Date "2012.12.28"]
[Round "3"]
[White "Le, Mai Linh Lisa"]
[Black "Held, Fabienne"]
[Result "1-0"]
[Termination "normal"]
[Board "9.4"]
[WhiteElo "871"]
[BlackElo "766"]
[WhiteTeam "SK 1980 Gernsheim"]
[BlackTeam "SK Neumarkt"]
[WhiteFideId "12964697"]
[BlackFideId "12964670"]
[EventCountry "GER"]
[EventRounds "7"]
[EventType "team-swiss"]
[EventDate "2012.12.26"]

1. e4 e5 2. Nf3 Nc6 3. Nc3 Nf6 4. Bb5 Bb4 5. Bxc6 dxc6 6. d3 Bg4 7. O-O O-O 8.
Bd2 Qd7 9. a3 Bd6 10. Qe2 Qe7 11. Bg5 Rad8 12. b4 c5 13. Nd5 Qe6 14. Qe3 Be7
15. Nxc7 Qc6 16. Nd5 Qd6 17. c4 h6 18. Bh4 Nxd5 19. cxd5 Bxf3 20. Qxf3 Bxh4 21.
Qh5 Bf6 22. b5 Qb6 23. a4 Qa5 24. Qe2 Bg5 25. Rfd1 Qc7 26. Ra3 Rd6 27. Rc3 a6
28. Rb1 axb5 29. axb5 Ra8 30. f3 Qb6 31. Kf1 Ra5 32. Rcb3 Bh4 33. g3 Bg5 34. h4
Bf6 35. Qc2 Qa7 36. Qc3 Ra2 37. Qc4 Rh2 38. b6 Qa2 39. R3b2 Rxb2 40. Qxa2 Rxa2
41. Kg1 Ra3 42. Kf2 Rxd3 43. Rb2 c4 44. Ke2 Rd4 45. Ke3 c3 46. Rb3 Rc4 47. Kd3
Rc7 48. bxc7 Bd8 49. c8=Q c2 50. Qxc2 b6 51. Ra3 b5 52. Ra7 b4 53. Qb2 Rb6 54.
Ke3 b3 55. d6 Rxd6 56. Qxb3 Bb6+ 57. Ke2 Bxa7 58. f4 exf4 59. gxf4 Re6 60. Kf3
Rf6 61. Qb7 Bc5 62. Qc8+ Kh7 63. Qxc5 Re6 64. Qf5+ g6 65. Qxf7+ Kh8 66. Qxe6
Kg7 67. f5 gxf5 68. exf5 h5 69. Qg6+ Kf8 70. Qg5 Kf7 71. f6 Kf8 72. Qg7+ Ke8
73. Qe7# 1-0

[Event "DVM U14w 2012"]
[Site "Magdeburg GER"]
[Date "2012.12.28"]
[Round "3"]
[White "Flach, Helene"]
[Black "Michna, Masza"]
[Result "1/2-1/2"]
[Termination "normal"]
[Board "10.2"]
[WhiteElo "1096"]
[BlackElo "1056"]
[WhiteTeam "SK Langen"]
[BlackTeam "Hamburger SK von 1830"]
[WhiteFideId "12929735"]
[BlackFideId "12921998"]
[EventCountry "GER"]
[EventRounds "7"]
[EventType "team-swiss"]
[EventDate "2012.12.26"]

1. e4 d6 2. d4 Nf6 3. Nc3 e5 4. Nf3 Be7 5. Be3 Nbd7 6. Bc4 O-O 7. Qd2 c6 8. O-O
h6 9. Rad1 Re8 10. Rfe1 b5 11. Bb3 a6 12. a3 Bb7 13. h3 Rc8 14. Ba2 c5 15. dxc5
Nxc5 16. Bxc5 Rxc5 17. Nh4 Qd7 18. Nf5 Rd8 19. b4 Rc6 20. Nd5 Nxd5 21. Bxd5 Rc7
1/2-1/2

[Event "DVM U14w 2012"]
[Site "Magdeburg GER"]
[Date "2012.12.28"]
[Round "3"]
[White "Reich, Kristina"]
[Black "Lehnert, Anna-Victoria"]
[Result "1-0"]
[Termination "normal"]
[Board "10.3"]
[WhiteElo "955"]
[BlackElo "791"]
[WhiteTeam "Hamburger SK von 1830"]
[BlackTeam "SK Langen"]
[WhiteFideId "12964719"]
[BlackFideId "12957062"]
[EventCountry "GER"]
[EventRounds "7"]
[EventType "team-swiss"]
[EventDate "2012.12.26"]

1. e4 c5 2. Nf3 Nc6 3. Nc3 e5 4. Bc4 Nf6 5. Ng5 Qc7 6. Bxf7+ Ke7 7. Nd5+ Nxd5
8. Bxd5 g6 9. Qf3 Nd8 10. Nf7 Nxf7 11. Qxf7+ Kd8 12. Qf6+ Ke8 13. Bf7# 1-0